000 00663nam a2200241Ia 4500
003 OSt
005 20220928130015.0
006 a|||||r|||| 00| 0
007 ta
008 220927b |||||||| |||| 00| 0 eng d
024 _a7488
037 _cTextual
040 _aSDCL
_cSDCL
_beng
041 _2eng
_aeng
082 _aS:682, P5
100 _aRichards Keith Ed.
_9472495
245 0 _aApplying conversation analysis.
260 _aNew York
_b Palgrave
_c2005
300 _axx,292p
_ccm.
700 _a Seedhouse Paul Ed.
_9472496
942 _hS:682, P5
_cTEXL
_2CC
999 _c785070
_d785070